| 000 -LEADER |
| fixed length control field |
01140nam a2200169 4500 |
| 008 - FIXED-LENGTH DATA ELEMENTS--GENERAL INFORMATION |
| fixed length control field |
200317b ||||| |||| 00| 0 eng d |
| 100 ## - MAIN ENTRY--PERSONAL NAME |
| Personal name |
Deryugina, Tatyana |
| 245 ## - TITLE STATEMENT |
| Title |
The long-run dynamics of electricity demand: Evidence from municipal aggregation |
| 260 ## - PUBLICATION, DISTRIBUTION, ETC. (IMPRINT) |
| Name of publisher, distributor, etc |
American Economic Journal: Applied Economics |
| 300 ## - PHYSICAL DESCRIPTION |
| Extent |
12(1), Jan, 2020: p.86-114. |
| 520 ## - SUMMARY, ETC. |
| Summary, etc |
We study the dynamics of residential electricity demand by exploiting a natural experiment that produced large and long-lasting price changes in over 250 Illinois communities. Using a flexible difference-in-difference matching approach, we estimate that the price elasticity of demand grows from −0.09 in the first six months to −0.27 two years later. We find similar results with a dynamic model in which usage is a function of past and future prices. Our findings highlight the importance of accounting for consumption dynamics when evaluating energy policy. - Reproduced |
| 700 ## - ADDED ENTRY--PERSONAL NAME |
| Personal name |
MacKay, Alexander |
| 9 (RLIN) |
16869 |
| 700 ## - ADDED ENTRY--PERSONAL NAME |
| Personal name |
Reif, Julian |
| 9 (RLIN) |
16870 |
| 773 ## - HOST ITEM ENTRY |
| Main entry heading |
American Economic Journal: Applied Economics |
| 906 ## - LOCAL DATA ELEMENT F, LDF (RLIN) |
| Subject DIP |
Electricity |
| 942 ## - ADDED ENTRY ELEMENTS (KOHA) |
| Source of classification or shelving scheme |
|
| Item type |
Articles |